01336nam a22002057a 450000500170000000800410001704000290005804100080008708200160009510000300011124500840014126000570022530000310028249000250031350003260033850503740066450600210103865000470105970000240110620140924155459.0140814s1917 ag ||||fr|||| 001 0 spa d cSandra YazodSandra Yazo0 aspa04220a868.9821 aGoyena, Pedro,d1843-189210aCrítica literaria.bCon una introducción de Angel de Estrada.cPedro Goyena aBuenos Aires (Argentina)bLa Cultura Argentinac1917 a261 páginasc19 x 13 cm. 3aLa Cultura Argentina aDetalles físicos: Encuadernación rígida en cartón forrada en tela y papel. Lomo en tela con letras en dorado. Guardas impresas en papel. Hoja de cortesía. Crítica literaria. Portada impresa en una sola tinta. Texto impresa en una sola columna, algunas notas al pie de página. Hojas sueltas. Cortes pintados.0 aPedro Goyena ; Introducción de Ángel de Estrada ; Poemas de Ricardo Gutiérrez ; Poesías de doctor Juan María Gutiérrez ; José Manuel Estrada ; Fray Ventura Martínez ; Poesías de Estanislao del Campo ; Obras completas de Esteban Echeverría ; Laurindo Lapuente ; Luis Balbiene – Carlos Harvey ; Jorge Mitre – Alfonso Lamarque ; Carlos Guido Spano. aConsulta en sala 7aLiteratura ArgentinaxHistoria y crítica1 aEstrada, Ángel de